[Event "Bad Zwesten op 1st"]
[Site "Bad Zwesten"]
[Date "1997.??.??"]
[Round "6"]
[White "Meijers, Viesturs"]
[Black "Eingorn, Vereslav S"]
[Result "0-1"]
[WhiteElo "2455"]
[BlackElo "2595"]
[PlyCount "140"]
[EventDate "1997.01.02"]
[Source "ChessBase"]

1. e4 c5 2. Nf3 e6 3. d4 cxd4 4. Nxd4 Nc6 5. Nxc6 bxc6 6. c4 Bb4+ 7. Bd2 Qe7 8. Bd3 e5 9. O-O Nf6 10. Bxb4 Qxb4 11. Qc2 Rb8 12. b3 d6 13. Nc3 O-O 14. Rad1 Nd7 15. Qd2 Rd8 16. Bb1 Nf8 17. Ne2 Ne6 18. f4 exf4 19. Nxf4 Qxd2 20. Rxd2 Nxf4 21. Rxf4 Be6 22. Rf1 Kf8 23. h3 Ke7 24. Rfd1 c5 25. Bc2 a5 26. a4 f6 27. Kh2 Rd7 28. Rf1 Kd8 29. Rfd1 Kc7 30. Rf1 Re8 31. g4 Bf7 32. Kg3 Bg6 33. Kf4 Re6 34. Rd5 Rde7 35. Re1 Be8 36. Rd3 Bc6 37. Rde3 Re5 38. Kf3 f5 39. gxf5 Rxf5+ 40. Kg3 Rg5+ 41. Kf2 Rf7+ 42. Rf3 Rxf3+ 43. Kxf3 h5 44. Kf4 Rg2 45. Bd1 g5+ 46. Kf3 Rd2 47. Rg1 Rd3+ 48. Ke2 Rxh3 49. Rxg5 Bxe4 50. Kf2 h4 51. Rg7+ Kb6 52. Rd7 Rd3 53. Be2 Rd4 54. Bf1 Bc6 55. Rh7 Rd2+ 56. Be2 Rd4 57. Bf1 Rf4+ 58. Ke1 Be4 59. Rh6 Kc7 60. Bh3 Bc2 61. Bg2 Bxb3 62. Rh7+ Kd8 63. Bc6 Rd4 64. Ra7 Bxc4 65. Rxa5 Kc7 66. Bf3 Bd5 67. Bxd5 Rxd5 68. Ra8 h3 69. Rh8 Rd4 70. a5 Ra4 0-1

[Event "Chigorin Mem Open, St Petersburg RUS"]
[Site "?"]
[Date "2001.??.??"]
[Round "4"]
[White "Beshukov, S."]
[Black "Moiseenko, A."]
[Result "1/2-1/2"]
[WhiteElo "2480"]
[BlackElo "2565"]
[PlyCount "56"]
[EventDate "2001.??.??"]
[Source "www.chesslib.no"]
[SourceDate "2004.05.04"]

1. e4 c5 2. Nf3 Nc6 3. d4 cxd4 4. Nxd4 e5 5. Nb5 d6 6. N1c3 a6 7. Na3 b5 8. Nd5 Nge7 9. c4 Nd4 10. Be3 Nxd5 11. cxd5 Be7 12. Bd3 O-O 13. O-O Bd7 14. Qd2 Qb8 15. Bxd4 exd4 16. Nc2 Bf6 17. Rae1 Qb6 18. f4 Rae8 19. Nb4 g6 20. Kh1 h5 21. f5 Kg7 22. Bb1 g5 23. Nd3 a5 24. Rf3 Rh8 25. a3 Kf8 26. Rff1 Kg7 27. Rf3 Bc8 28. Rff1 Bd7 1/2-1/2